| 000 | 01140cam a2200289 a 4500 | ||
|---|---|---|---|
| 001 | 14805262 | ||
| 005 | 20250825130228.0 | ||
| 008 | 070412s2008 maua b 001 0 eng d | ||
| 020 | _a0618868461 | ||
| 020 | _a9780618868469 | ||
| 050 | 0 | 0 |
_aHM1033 _b.B74 2008 |
| 082 | 0 | 0 |
_a302 _222 |
| 100 | 1 | _aKassin, Saul M. | |
| 245 | 1 | 0 |
_aSocial psychology / _cSaul Kassin, Steven Fein, Hazel Rose Markus. |
| 250 | _a7th ed. | ||
| 260 |
_aBoston : _bHoughton Mifflin, _cc2008. |
||
| 300 |
_a1 v. (various pagings) : _bcol. ill. ; _c29 cm. |
||
| 500 | _aRev. ed. of: Social psychology / Sharon S. Brehm, Saul M. Kassin, Steven Fein. 6th ed., c2005. | ||
| 650 | 0 |
_aSocial psychology _vTextbooks. |
|
| 700 | 1 | _aFein, Steven. | |
| 700 | 1 | _aMarkus, Hazel Rose. | |
| 700 | 1 |
_aBrehm, Sharon S. _tSocial psychology. |
|
| 856 | 4 | 1 |
_3Table of contents only _uhttp://www.loc.gov/catdir/toc/fy1001/2007926779.html |
| 856 | 4 | 2 |
_3Publisher description _uhttp://www.loc.gov/catdir/enhancements/fy1212/2007926779-d.html |
| 856 | 4 | 2 |
_3Contributor biographical information _uhttp://www.loc.gov/catdir/enhancements/fy1303/2007926779-b.html |
| 942 |
_2lcc _cBK _n0 |
||
| 999 |
_c7367 _d7367 |
||